[Event "CAMPEONATO DE ESPAÑA ABSOLUTO"]
[Site "EL SAUZAL - TENERIFE - ISLAS CANARIAS"]
[Date "2010.09.10"]
[Round "7"]
[Board "10"]
[White "Farran Martos, Francesc X"]
[Black "Alsina Leal, Daniel"]
[Result "1/2-1/2"]
[WhiteElo "2287"]
[BlackElo "2523"]
[PlyCount "115"]
[EventDate "2010.09.04"]
[EventRounds "9"]
[EventCountry "ESP"]

1.e4 c5 2.Nf3 d6 3.d4 cxd4 4.Nxd4 Nf6 5.Nc3 a6 6.Bg5 e6 7.f4 h6 8.Bxf6 Qxf6
9.Qd2 g5 10.f5 Nc6 11.Nb3 Qe5 12.O-O-O Be7 13.fxe6 fxe6 14.Be2 O-O 15.Kb1 b5
16.h4 Bd7 17.hxg5 hxg5 18.Rh6 Kg7 19.Rdh1 Rh8 20.Rxh8 Rxh8 21.Rxh8 Kxh8 22.a3
Bf6 23.Qe3 Nd4 24.Nxd4 Qxd4 25.Qh3+ Kg7 26.Bg4 b4 27.Nd1 Qxe4 28.axb4 Ba4 29.b3
Bxb3 30.Qxb3 Qxg4 31.Ne3 Qd4 32.c4 Qd2 33.b5 Qe1+ 34.Nd1 axb5 35.cxb5 Bd4 36.Kc2
Qe4+ 37.Kc1 Qf4+ 38.Kc2 Qf5+ 39.Kd2 Bb6 40.Qc3+ Kf7 41.Qc6 Ba5+ 42.Nc3 Qc5
43.Qxc5 dxc5 44.Kd3 Bxc3 45.Kxc3 Ke7 46.Kc4 Kd6 47.g4 e5 48.b6 e4 49.Kb5 e3
50.Ka6 e2 51.b7 e1=Q 52.b8=Q+ Ke7 53.Qb7+ Kf6 54.Qf3+ Ke7 55.Qb7+ Ke6 56.Qc6+
Kf7 57.Qf3+ Ke7 58.Qb7+ 1/2-1/2

[Event "CAMPEONATO DE ESPAÑA ABSOLUTO"]
[Site "EL SAUZAL - TENERIFE - ISLAS CANARIAS"]
[Date "2010.09.10"]
[Round "7"]
[Board "11"]
[White "Morales Camacho, Julian"]
[Black "Espinosa Aranda, Angel"]
[Result "0-1"]
[WhiteElo "2213"]
[BlackElo "2403"]
[PlyCount "88"]
[EventDate "2010.09.04"]
[EventRounds "9"]
[EventCountry "ESP"]

1.c4 e5 2.e3 Nf6 3.a3 Nc6 4.Qc2 a5 5.b3 Bc5 6.d3 O-O 7.Nf3 d6 8.Nbd2 Qe7 9.Be2
d5 10.cxd5 Nxd5 11.Ne4 Bb6 12.O-O h6 13.Nc3 Nxc3 14.Qxc3 Bf5 15.Bb2 Rfe8 16.Nd2
Nd4 17.Bd1 Nb5 18.Qc2 Rad8 19.Be2 Nd6 20.Rad1 f6 21.a4 Qf7 22.Ba3 Be6 23.Nc4
Nxc4 24.bxc4 c5 25.Rb1 Ba7 26.Bf3 b6 27.Bc6 Rf8 28.e4 Kh8 29.Bd5 Qe8 30.Bb2 Bb8
31.Bc3 Bc7 32.Ra1 Bd7 33.Ra2 Qg6 34.Kh1 Rde8 35.f3 Re7 36.g4 h5 37.Rg1 hxg4
38.fxg4 Qe8 39.Rg3 g5 40.Qf2 Rh7 41.Rf3 Kg7 42.h3 Bxg4 43.Rg3 Bxh3 44.Kg1 Qh5 0-1

[Event "CAMPEONATO DE ESPAÑA ABSOLUTO"]
[Site "EL SAUZAL - TENERIFE - ISLAS CANARIAS"]
[Date "2010.09.10"]
[Round "7"]
[Board "12"]
[White "Zamarbide Inarrea, Daniel"]
[Black "Cabrera Trujillo, Jorge"]
[Result "0-1"]
[WhiteElo "2197"]
[BlackElo "2384"]
[PlyCount "32"]
[EventDate "2010.09.04"]
[EventRounds "9"]
[EventCountry "ESP"]

1.e4 c5 2.Nf3 d6 3.d4 cxd4 4.Nxd4 Nf6 5.f3 e5 6.Nb3 Nc6 7.c4 a5 8.Be3 a4 9.Nc1
Be7 10.Nc3 Qa5 11.Qd2 O-O 12.Be2 Bd8 13.Nb5 Qa6 14.O-O Bb6 15.c5 Bxc5 16.Nxd6
Qa5 0-1

[Event "CAMPEONATO DE ESPAÑA ABSOLUTO"]
[Site "EL SAUZAL - TENERIFE - ISLAS CANARIAS"]
[Date "2010.09.10"]
[Round "7"]
[Board "13"]
[White "Vega Gutierrez, Belinda"]
[Black "Franco Alonso, Alejandro"]
[Result "0-1"]
[WhiteElo "2233"]
[BlackElo "2490"]
[PlyCount "28"]
[EventDate "2010.09.04"]
[EventRounds "9"]
[EventCountry "ESP"]

1.e4 c5 2.Nf3 e6 3.d4 cxd4 4.Nxd4 Nf6 5.Nc3 d6 6.Bd3 Nc6 7.Be3 Be7 8.f4 O-O
9.Qf3 e5 10.Nxc6 bxc6 11.fxe5 dxe5 12.O-O Ng4 13.Bc1 Bc5+ 14.Kh1 Nxh2 0-1

[Event "CAMPEONATO DE ESPAÑA ABSOLUTO"]
[Site "EL SAUZAL - TENERIFE - ISLAS CANARIAS"]
[Date "2010.09.10"]
[Round "7"]
[Board "14"]
[White "Arnedo Ruiz, Alberto"]
[Black "Villavicencio Martinez, Adalber"]
[Result "0-1"]
[WhiteElo "1961"]
[BlackElo "2317"]
[PlyCount "110"]
[EventDate "2010.09.04"]
[EventRounds "9"]
[EventCountry "ESP"]

1.Nf3 Nf6 2.g3 c5 3.c4 Nc6 4.Bg2 g6 5.b3 Bg7 6.Bb2 O-O 7.O-O d6 8.d4 Bf5 9.Nbd2
Qd7 10.d5 Nb4 11.a3 Na6 12.Nh4 Bh3 13.e4 Bxg2 14.Kxg2 Nc7 15.a4 Na6 16.Qe2 e6
17.Bc3 Rfe8 18.Qd3 Nb4 19.Bxb4 cxb4 20.Rac1 Rac8 21.Nhf3 exd5 22.exd5 Qc7
23.Rce1 Nd7 24.Ne4 h6 25.Nd4 a6 26.Qd1 Qb6 27.Nf3 f5 28.Ned2 Nc5 29.h4 Qc7
30.Rxe8+ Rxe8 31.Re1 Qf7 32.Nf1 Rxe1 33.Nxe1 Qe7 34.h5 g5 35.Nf3 Qe4 36.N1d2 Qd3
37.Qe1 Kf7 38.Qe3 Qxe3 39.fxe3 Bc3 40.Nb1 Nxb3 41.Kf2 g4 42.Ng1 Na5 43.Ne2 Be5
44.Nd2 Kf6 45.Nd4 Bxd4 46.exd4 b6 47.Ke3 Kg5 48.Kd3 Nb7 49.Nb3 f4 50.Ke2 fxg3
51.a5 Nxa5 52.c5 dxc5 53.dxc5 Nxb3 54.c6 Nd4+ 55.Kd3 Nb5 0-1

[Event "CAMPEONATO DE ESPAÑA ABSOLUTO"]
[Site "EL SAUZAL - TENERIFE - ISLAS CANARIAS"]
[Date "2010.09.10"]
[Round "7"]
[Board "15"]
[White "Ladron De Guevara Pinto, Paolo"]
[Black "Reinaldo Castineira, Roi"]
[Result "1-0"]
[WhiteElo "2215"]
[BlackElo "2502"]
[PlyCount "113"]
[EventDate "2010.09.04"]
[EventRounds "9"]
[EventCountry "ESP"]

1.e4 e5 2.Nf3 d6 3.d4 exd4 4.Nxd4 Nf6 5.Nc3 Be7 6.Bf4 O-O 7.Be2 Re8 8.Qd2 c6
9.O-O-O b5 10.f3 b4 11.Nb1 a5 12.g4 a4 13.h4 b3 14.axb3 axb3 15.Nxb3 d5 16.g5
Nh5 17.Bh2 Na6 18.Bxa6 Bxa6 19.exd5 cxd5 20.Qxd5 Qc8 21.Qd7 Qc4 22.Rhe1 Qxh4
23.N1d2 Qxg5 24.Bd6 Bxd6 25.Rxe8+ Rxe8 26.Qxe8+ Bf8 27.Kb1 Qd5 28.Re1 Nf6 29.Qb8
h5 30.Ne4 Nd7 31.Qg3 Bc4 32.Nbd2 Ba2+ 33.Kc1 Qa5 34.Qg5 Bd5 35.Qxh5 g6 36.Qh4
Bg7 37.Nb1 Ne5 38.f4 Nd7 39.Ng5 Nf6 40.Nc3 Qa1+ 41.Kd2 Qa5 42.Qh3 Qb4 43.Qe3 Ng4
44.Qg3 Nf6 45.Kc1 Bc6 46.Rd1 Nd5 47.Nge4 Qb8 48.Rxd5 Bxd5 49.Nxd5 Bxb2+ 50.Kd2
Qd8 51.Qg5 Qa5+ 52.c3 Qa2 53.Qd8+ Kg7 54.Qf6+ Kg8 55.Ne7+ Kf8 56.Nxg6+ Kg8
57.Qh8# 1-0

[Event "CAMPEONATO DE ESPAÑA ABSOLUTO"]
[Site "EL SAUZAL - TENERIFE - ISLAS CANARIAS"]
[Date "2010.09.10"]
[Round "7"]
[Board "17"]
[White "Anton Guijarro, David"]
[Black "Aranaz Murillo, Amalia"]
[Result "1-0"]
[WhiteElo "2403"]
[BlackElo "2154"]
[PlyCount "75"]
[EventDate "2010.09.04"]
[EventRounds "9"]
[EventCountry "ESP"]

1.e4 c6 2.d4 d5 3.e5 Bf5 4.Nf3 e6 5.Be2 c5 6.Be3 cxd4 7.Nxd4 Ne7 8.c4 Nbc6 9.Qa4
a6 10.Nc3 dxc4 11.O-O-O Bd3 12.Bxd3 cxd3 13.Rxd3 Qa5 14.Qxa5 Nxa5 15.f4 O-O-O
16.Rhd1 Ng6 17.g3 Be7 18.b3 b5 19.Ne4 Kb7 20.Nf3 Rc8+ 21.Kb2 h6 22.h4 Nc6 23.a3
Rhd8 24.h5 Nf8 25.g4 Rxd3 26.Rxd3 Rd8 27.Rxd8 Nxd8 28.f5 Nd7 29.Kc2 Bxa3 30.f6
Bf8 31.g5 hxg5 32.Bxg5 Kc7 33.fxg7 Bxg7 34.Nf6 Nxf6 35.exf6 Bh8 36.Ne5 Kd6
37.Ng6 fxg6 38.hxg6 1-0

[Event "CAMPEONATO DE ESPAÑA ABSOLUTO"]
[Site "EL SAUZAL - TENERIFE - ISLAS CANARIAS"]
[Date "2010.09.10"]
[Round "7"]
[Board "18"]
[White "Gonzalez Garcia, Guillermo"]
[Black "Vassallo Barroche, Mauricio"]
[Result "0-1"]
[WhiteElo "2215"]
[BlackElo "2422"]
[PlyCount "150"]
[EventDate "2010.09.04"]
[EventRounds "9"]
[EventCountry "ESP"]

1.Nf3 g6 2.c4 Bg7 3.g3 e5 4.Nc3 Nc6 5.Bg2 d6 6.d3 Nf6 7.O-O O-O 8.Bd2 h6 9.Rc1
Be6 10.Ne1 Qd7 11.Nd5 Ne8 12.e3 Nd8 13.Nc3 c6 14.Qa4 Bh3 15.f3 Bxg2 16.Kxg2 Ne6
17.h4 f5 18.Ne2 Nf6 19.Rh1 b6 20.Qc2 Rf7 21.d4 Nh5 22.Bc3 exd4 23.Bxd4 Re8
24.Bxg7 Nexg7 25.Kf2 Rfe7 26.Ng2 Nf6 27.Nef4 Kh7 28.Rcd1 Ne6 29.Rd3 Nc5 30.Rd4
Ne6 31.Rd3 Rg8 32.Qd1 Ne8 33.Qd2 Nd8 34.Qc3 Nf7 35.Rd4 Qc8 36.Qc2 Nf6 37.Rh3 b5
38.b3 bxc4 39.bxc4 d5 40.c5 Rb7 41.Rd2 Ne5 42.Rh1 Qd7 43.Rb1 Rgb8 44.Rxb7 Rxb7
45.Ne2 Nc4 46.Rd4 Qe7 47.Qc3 Nd7 48.g4 fxg4 49.Rxg4 Nce5 50.Rg3 Qxc5 51.Qd4 Qxd4
52.exd4 Nf7 53.Ngf4 Nf8 54.Nd3 Kg7 55.Rg1 Ne6 56.Rc1 Rb6 57.Rc3 Kf6 58.Ndc1 Nd6
59.Rb3 Rxb3 60.Nxb3 Nf5 61.a4 Ke7 62.h5 gxh5 63.f4 h4 64.Kg2 h5 65.Kh3 Kd6 66.a5
c5 67.dxc5+ Kc6 68.Nd2 Kxc5 69.Nf3 d4 70.Nxh4 Nxh4 71.Kxh4 d3 72.Ng3 Nxf4 73.Kg5
Ne2 74.Nf1 Kb4 75.Ne3 Nc3 0-1

[Event "CAMPEONATO DE ESPAÑA ABSOLUTO"]
[Site "EL SAUZAL - TENERIFE - ISLAS CANARIAS"]
[Date "2010.09.10"]
[Round "7"]
[Board "19"]
[White "Del Rey, Diego"]
[Black "Saenz Narciso, Miguel Angel"]
[Result "0-1"]
[WhiteElo "2396"]
[BlackElo "2143"]
[PlyCount "120"]
[EventDate "2010.09.04"]
[EventRounds "9"]
[EventCountry "ESP"]

1.d4 g6 2.e4 Bg7 3.c4 c5 4.d5 e5 5.Be2 d6 6.Bg4 f5 7.exf5 Nf6 8.Bh3 Bxf5 9.Bxf5
gxf5 10.Nf3 Na6 11.O-O Qd7 12.Ng5 Nc7 13.Nc3 O-O-O 14.a4 h6 15.Nh3 a5 16.Qb3 Na8
17.Nb5 b6 18.f3 Nh5 19.Bd2 Bf6 20.Qc2 Kb7 21.Ra3 Nc7 22.Rb3 Na6 23.Nf2 Nb4
24.Qb1 Rhg8 25.Kh1 Bg5 26.Bxb4 axb4 27.g3 Be7 28.Rd3 Ra8 29.b3 Rg6 30.Rg1 Rag8
31.Rdd1 Nf6 32.Qc2 h5 33.Ra1 Ra8 34.Nd1 Rg5 35.Ne3 e4 36.Rgf1 Rgg8 37.fxe4 fxe4
38.Rf4 Rh8 39.Raf1 h4 40.g4 Raf8 41.h3 Nh7 42.Qxe4 Ng5 43.Qg2 Rxf4 44.Rxf4 Rf8
45.Rxf8 Bxf8 46.Nf5 Qd8 47.Qf1 Ka6 48.Nxh4 Ne4 49.Qe1 Qe7 50.Kg2 Qe5 51.Nf5 Qb2+
52.Kg1 Nd2 53.Qe2 Qb1+ 54.Kf2 Nxb3 55.Qe8 Qb2+ 56.Kg3 Qe5+ 57.Qxe5 dxe5 58.d6
Na5 59.Nc7+ Ka7 60.Ne6 b3 0-1

[Event "CAMPEONATO DE ESPAÑA ABSOLUTO"]
[Site "EL SAUZAL - TENERIFE - ISLAS CANARIAS"]
[Date "2010.09.10"]
[Round "7"]
[Board "20"]
[White "Vega Gutierrez, Sabrina"]
[Black "Alvarado Diaz, Alejandro"]
[Result "1-0"]
[WhiteElo "2368"]
[BlackElo "2101"]
[PlyCount "63"]
[EventDate "2010.09.04"]
[EventRounds "9"]
[EventCountry "ESP"]

1.e4 c5 2.Nf3 e6 3.d4 cxd4 4.Nxd4 a6 5.Nc3 b5 6.Bd3 Qb6 7.Nb3 Qc7 8.O-O Bb7 9.f4
d6 10.Qe2 Nd7 11.Kh1 Be7 12.Bd2 Ngf6 13.Rae1 O-O 14.a4 b4 15.Nd1 a5 16.Nf2 Nc5
17.Nxc5 dxc5 18.e5 Nd5 19.b3 Nb6 20.Qh5 g6 21.Qh6 Rfd8 22.Ng4 Nd5 23.f5 exf5
24.Rxf5 Bf8 25.Qg5 Bc8 26.Rf3 Bxg4 27.Qxg4 Bg7 28.Bc4 Qd7 29.Qe4 Kh8 30.Rd3 f5
31.Qxd5 Qxd5 32.Bxd5 1-0

[Event "CAMPEONATO DE ESPAÑA ABSOLUTO"]
[Site "EL SAUZAL - TENERIFE - ISLAS CANARIAS"]
[Date "2010.09.10"]
[Round "7"]
[Board "21"]
[White "Rodriguez Lapetra, Pablo"]
[Black "Fernandez Siles, Luis"]
[Result "0-1"]
[WhiteElo "2111"]
[BlackElo "2341"]
[PlyCount "52"]
[EventDate "2010.09.04"]
[EventRounds "9"]
[EventCountry "ESP"]

1.e4 e5 2.Nf3 Nc6 3.Bc4 Nf6 4.d3 h6 5.O-O d6 6.c3 Be7 7.Re1 O-O 8.Bb3 Nh7 9.Nbd2
Ng5 10.h3 Kh8 11.d4 f5 12.dxe5 fxe4 13.Nxg5 Bxg5 14.Nxe4 Bxc1 15.Rxc1 Nxe5
16.Qh5 Nd3 17.Rcd1 Nxe1 18.Rxe1 Bf5 19.Re3 Bh7 20.h4 Rf5 21.Qe2 Qxh4 22.Ng3 Re5
23.Rxe5 dxe5 24.Qxe5 Qd8 25.f4 Qd6 26.Qe3 Qb6 0-1

[Event "CAMPEONATO DE ESPAÑA ABSOLUTO"]
[Site "EL SAUZAL - TENERIFE - ISLAS CANARIAS"]
[Date "2010.09.10"]
[Round "7"]
[Board "22"]
[White "Perez Felipe, Marcos Adrian"]
[Black "Lopez Pereyra, Antonio"]
[Result "1-0"]
[WhiteElo "2308"]
[BlackElo "2079"]
[PlyCount "63"]
[EventDate "2010.09.04"]
[EventRounds "9"]
[EventCountry "ESP"]

1.d4 f5 2.Nc3 d5 3.Bg5 g6 4.h4 Bg7 5.e3 c6 6.h5 h6 7.hxg6 hxg5 8.Rxh8 Bxh8 9.Qh5
Bf6 10.Nh3 Be6 11.Bd3 Na6 12.Nxg5 Bxg5 13.Qxg5 Nc7 14.Bxf5 Qd7 15.Bd3 O-O-O
16.O-O-O Rf8 17.f3 Bf5 18.e4 dxe4 19.fxe4 Bg4 20.Rh1 Be6 21.Ne2 Nf6 22.g7 Rg8
23.Rh8 Qe8 24.e5 Nfd5 25.Qh6 Kd7 26.Qh7 Qf7 27.Rxg8 Qxg8 28.Bf5 Qxh7 29.Bxh7 Ne3
30.g3 Ncd5 31.g8=Q Bxg8 32.Bxg8 1-0

[Event "CAMPEONATO DE ESPAÑA ABSOLUTO"]
[Site "EL SAUZAL - TENERIFE - ISLAS CANARIAS"]
[Date "2010.09.10"]
[Round "7"]
[Board "23"]
[White "Machin Arbelo, Pedro Alexis"]
[Black "Espineira Gonzalez, Diego"]
[Result "0-1"]
[WhiteElo "2032"]
[BlackElo "2305"]
[PlyCount "118"]
[EventDate "2010.09.04"]
[EventRounds "9"]
[EventCountry "ESP"]

1.e4 c5 2.Nf3 e6 3.c3 Nf6 4.e5 Nd5 5.Bc4 Nb6 6.Bb5 a6 7.Be2 d5 8.d4 Nc6 9.O-O
Bd7 10.a4 c4 11.b3 cxb3 12.Qxb3 Na5 13.Qc2 Rc8 14.Ng5 Be7 15.f4 g6 16.Rf3 f5
17.exf6 Bxf6 18.Nxh7 Bxd4+ 19.Be3 Bxe3+ 20.Rxe3 Qh4 21.Qxg6+ Ke7 22.Qg5+ Qxg5
23.Nxg5 d4 24.Rd3 Nb3 25.Ra3 Nc1 26.Rd2 Nxe2+ 27.Rxe2 Nxa4 28.Nxe6 Bb5 29.Re1
dxc3 30.Nc5+ Kf7 31.Nxa4 c2 32.Nac3 Rhe8 33.Rc1 cxb1=Q 34.Rxb1 Bc6 35.Kf2 Rcd8
36.Ra2 Rg8 37.g3 Rd3 38.Ne2 Re8 39.Rbb2 Kf6 40.Rd2 Rf3+ 41.Kg1 Rb3 42.Nd4 Rb1+
43.Kf2 Bd5 44.Rab2 Rxb2 45.Rxb2 b5 46.Nc2 Rb8 47.h4 a5 48.Ne3 Be4 49.Nc4 a4
50.Ke3 Bd5 51.Na3 b4 52.Nb1 a3 53.Nxa3 Re8+ 54.Kd4 bxa3 55.Rb6+ Be6 56.Ra6 a2
57.g4 Rd8+ 58.Kc3 Rd1 59.Kb2 Rb1+ 0-1

[Event "CAMPEONATO DE ESPAÑA ABSOLUTO"]
[Site "EL SAUZAL - TENERIFE - ISLAS CANARIAS"]
[Date "2010.09.10"]
[Round "7"]
[Board "24"]
[White "Gonzalez Cruz, Steven"]
[Black "Senlle Caride, Miguel"]
[Result "0-1"]
[WhiteElo "1831"]
[BlackElo "2235"]
[PlyCount "38"]
[EventDate "2010.09.04"]
[EventRounds "9"]
[EventCountry "ESP"]

1.e4 c5 2.Nf3 Nc6 3.d4 cxd4 4.Nxd4 e6 5.Nb5 Nf6 6.N1c3 Bb4 7.a3 Bxc3+ 8.Nxc3 d5
9.exd5 exd5 10.Bd3 O-O 11.O-O d4 12.Ne4 Nd5 13.Qh5 f5 14.Bc4 Kh8 15.Ng5 Nf6
16.Nf7+ Rxf7 17.Qxf7 Ne5 18.Re1 Nxf7 19.Bxf7 Qc7 0-1

[Event "CAMPEONATO DE ESPAÑA ABSOLUTO"]
[Site "EL SAUZAL - TENERIFE - ISLAS CANARIAS"]
[Date "2010.09.10"]
[Round "7"]
[Board "25"]
[White "Hernandez Leon, Alberto"]
[Black "Martin Hernandez, Ruben"]
[Result "1-0"]
[WhiteElo "2287"]
[BlackElo "2037"]
[PlyCount "49"]
[EventDate "2010.09.04"]
[EventRounds "9"]
[EventCountry "ESP"]

1.d4 Nf6 2.Nf3 e6 3.c4 d5 4.Bg5 Nbd7 5.Nc3 Bb4 6.e3 c5 7.cxd5 exd5 8.Qc2 Qa5
9.Bd3 c4 10.Bf5 O-O 11.O-O g6 12.Bxd7 Nxd7 13.a3 Bxc3 14.bxc3 Re8 15.Nd2 Nb6
16.f3 f6 17.Bh6 Bd7 18.e4 Rad8 19.Rfe1 Kf7 20.Nf1 Re6 21.Qd2 Rde8 22.Ng3 Bc6
23.e5 fxe5 24.dxe5 Rxe5 25.Qf4+ 1-0

[Event "CAMPEONATO DE ESPAÑA ABSOLUTO"]
[Site "EL SAUZAL - TENERIFE - ISLAS CANARIAS"]
[Date "2010.09.10"]
[Round "7"]
[Board "26"]
[White "Arribas Lopez, Angel"]
[Black "Barrio Pareja, Eduardo"]
[Result "1-0"]
[WhiteElo "2454"]
[BlackElo "2049"]
[PlyCount "51"]
[EventDate "2010.09.04"]
[EventRounds "9"]
[EventCountry "ESP"]

1.c4 Nf6 2.g3 g6 3.Bg2 Bg7 4.Nf3 O-O 5.O-O d6 6.Nc3 e5 7.d3 h6 8.Rb1 a5 9.a3 Be6
10.b4 axb4 11.axb4 Qd7 12.Re1 Bh3 13.Bh1 Nc6 14.b5 Ne7 15.Qb3 Ng4 16.Ba3 f5
17.c5+ Kh7 18.cxd6 cxd6 19.Nd2 f4 20.Nce4 fxg3 21.hxg3 Nf5 22.e3 Rf7 23.Nc4 Rxa3
24.Qxa3 d5 25.Nb6 Qd8 26.Nxd5 1-0

[Event "CAMPEONATO DE ESPAÑA ABSOLUTO"]
[Site "EL SAUZAL - TENERIFE - ISLAS CANARIAS"]
[Date "2010.09.10"]
[Round "7"]
[Board "27"]
[White "Bajo Gutierrez, Ignacio"]
[Black "Ponce Valero, Juan Antonio"]
[Result "1-0"]
[WhiteElo "2271"]
[BlackElo "2020"]
[PlyCount "81"]
[EventDate "2010.09.04"]
[EventRounds "9"]
[EventCountry "ESP"]

1.d4 Nf6 2.c4 e6 3.Nf3 b6 4.g3 Bb7 5.Bg2 d5 6.Ne5 Be7 7.Nc3 O-O 8.O-O Nbd7 9.Bg5
Ne4 10.Bxe7 Qxe7 11.Nxd7 Qxd7 12.Qc2 f5 13.Rac1 Rac8 14.Rfd1 Qf7 15.e3 g5 16.f4
gxf4 17.exf4 Kh8 18.cxd5 exd5 19.Nb5 a6 20.Na7 Ra8 21.Nc6 Rac8 22.Bf3 Qg7 23.Qg2
Rf6 24.Ne5 c5 25.Bxe4 fxe4 26.b3 Rff8 27.Qf2 cxd4 28.Qxd4 Kg8 29.Qxb6 Qe7 30.b4
Rfd8 31.Qd4 Qe6 32.Rc5 h5 33.Rdc1 h4 34.g4 Rxc5 35.bxc5 Qf6 36.Rf1 h3 37.Qc3 d4
38.Qxh3 e3 39.g5 Qg7 40.Qe6+ Kh7 41.g6+ 1-0

[Event "CAMPEONATO DE ESPAÑA ABSOLUTO"]
[Site "EL SAUZAL - TENERIFE - ISLAS CANARIAS"]
[Date "2010.09.10"]
[Round "7"]
[Board "28"]
[White "Navarro Molina, David"]
[Black "Pinto Henriquez, Rodrigo"]
[Result "0-1"]
[WhiteElo "2047"]
[BlackElo "2214"]
[PlyCount "104"]
[EventDate "2010.09.04"]
[EventRounds "9"]
[EventCountry "ESP"]

1.d4 Nf6 2.Nf3 g6 3.c4 c5 4.d5 Bg7 5.Nc3 d6 6.e4 O-O 7.Bg5 h6 8.Bd2 Nbd7 9.Be2
Ng4 10.O-O Kh7 11.Ng5+ hxg5 12.Bxg4 Ne5 13.Bxc8 Rxc8 14.Bxg5 Nxc4 15.Qg4 Rh8
16.Kh1 Rb8 17.f4 f6 18.b3 Nb6 19.f5 gxf5 20.Qxf5+ Kg8 21.Be3 Qd7 22.Rf3 Qxf5
23.exf5 Kf7 24.Bf2 Nd7 25.Re3 Bh6 26.Re2 Bf4 27.g3 Be5 28.Rc1 Rh5 29.Ne4 Rg8
30.b4 b6 31.Kg2 Rxf5 32.h4 Rh5 33.Kh3 f5 34.Nd2 Bf6 35.Nf1 Ne5 36.b5 Ng4 37.Rd1
f4 38.Be1 fxg3 39.Bxg3 Be5 40.Rde1 Bf6 41.Re4 Nh6 42.Ne3 Nf5 43.Nxf5 Rxf5 44.Rd1
Rf3 45.Rg4 Be5 46.Rg1 Rxg4 47.Kxg4 Rxg3+ 48.Rxg3 Bxg3 49.Kxg3 e6 50.dxe6+ Kxe6
51.Kf4 Kf6 52.Ke4 c4 0-1

[Event "CAMPEONATO DE ESPAÑA ABSOLUTO"]
[Site "EL SAUZAL - TENERIFE - ISLAS CANARIAS"]
[Date "2010.09.10"]
[Round "7"]
[Board "29"]
[White "Galvan Sarmiento, Jose Luis"]
[Black "Meneses Gonzalez, Kevin Moises"]
[Result "0-1"]
[WhiteElo "2008"]
[BlackElo "2195"]
[PlyCount "104"]
[EventDate "2010.09.04"]
[EventRounds "9"]
[EventCountry "ESP"]

1.d4 Nf6 2.Nf3 g6 3.h3 Bg7 4.Bf4 O-O 5.e3 d6 6.Be2 Nc6 7.O-O Nd7 8.c4 e5 9.Bh2
f5 10.Nc3 e4 11.Nd2 Nf6 12.a3 g5 13.b4 Ne7 14.Rc1 Ng6 15.c5 d5 16.Nb5 f4 17.c6
b6 18.Qb3 Kh8 19.a4 a6 20.Nc3 Bh6 21.Rfe1 Ne7 22.Nd1 Qe8 23.Qc3 Qg6 24.Kh1 Nf5
25.Rg1 Nh4 26.g3 fxg3 27.Bxg3 Nf3 28.Nxf3 exf3 29.Bxf3 Bxh3 30.Qc2 Bf5 31.Qe2
Bd3 32.Qe1 Ne4 33.Bg4 Nxg3+ 34.Rxg3 Bg7 35.Qg1 h6 36.Rh3 Qd6 37.Qe1 Rae8 38.Qd2
Bg6 39.Rh2 Re4 40.f3 Re7 41.Nf2 Rfe8 42.Bd7 Rf8 43.Kg2 Rxf3 44.Rxh6+ Bxh6
45.Kxf3 Qh2 46.Qe1 Rf7+ 47.Ke2 Bh5+ 48.Kd3 Rxf2 49.a5 Bg6+ 50.Kc3 Rc2+ 51.Kb3
Rb2+ 52.Kc3 Bf8 0-1

[Event "CAMPEONATO DE ESPAÑA ABSOLUTO"]
[Site "EL SAUZAL - TENERIFE - ISLAS CANARIAS"]
[Date "2010.09.10"]
[Round "7"]
[Board "30"]
[White "Alonso Contreras, Mario Elias"]
[Black "Gutierrez Olivares, Daniel"]
[Result "0-1"]
[WhiteElo "1980"]
[BlackElo "2175"]
[PlyCount "118"]
[EventDate "2010.09.04"]
[EventRounds "9"]
[EventCountry "ESP"]

1.e4 e6 2.d4 d5 3.Nc3 Nf6 4.exd5 exd5 5.Bd3 c6 6.Nge2 Bd6 7.Bf4 Bxf4 8.Nxf4 Qb6
9.O-O Qxd4 10.Re1+ Kd8 11.Qf3 Bg4 12.Qg3 h5 13.Nfe2 Bxe2 14.Qd6+ Nfd7 15.Rxe2
Qf6 16.Qb4 Kc7 17.Re7 a5 18.Qa3 Na6 19.Bxa6 Rxa6 20.Rae1 h4 21.h3 Rh5 22.Qb3 b5
23.Na4 Ra7 24.Nc5 Kd6 25.R1e6+ fxe6 26.Rxe6+ Kxc5 27.Rxf6 Nxf6 28.a4 b4 29.c3
Rb7 30.cxb4+ Rxb4 31.Qe3+ Kd6 32.Qa7 Rg5 33.Qxa5 Rxb2 34.Qd8+ Kc5 35.Qe7+ Kc4
36.Qd6 Ne4 37.Qxc6+ Kd4 38.a5 Rxf2 39.Qa4+ Ke3 40.Qa3+ Kf4 41.Qf8+ Rf5 42.Qb8+
Kg5 43.Qh8 Rf1+ 44.Kh2 g6 45.Qd8+ Nf6 46.Qe7 d4 47.Qe2 R1f2 48.Qe1 Ra2 49.Qc1+
Rf4 50.Qc5+ Kh6 51.Qf8+ Kh5 52.Qh8+ Kg5 53.Qd8 Ra1 54.Qb6 Rff1 55.Qc5+ Kh6
56.Qf8+ Kh5 57.g4+ hxg3+ 58.Kg2 Rf2+ 59.Kxg3 Ne4# 0-1

[Event "CAMPEONATO DE ESPAÑA ABSOLUTO"]
[Site "EL SAUZAL - TENERIFE - ISLAS CANARIAS"]
[Date "2010.09.10"]
[Round "7"]
[Board "32"]
[White "Salido Polo, Veronica"]
[Black "Hidalgo Santana, Fernando"]
[Result "0-1"]
[WhiteElo "1972"]
[BlackElo "2127"]
[PlyCount "66"]
[EventDate "2010.09.04"]
[EventRounds "9"]
[EventCountry "ESP"]

1.e4 d6 2.d4 Nf6 3.Nc3 g6 4.Be3 c6 5.Qd2 Nbd7 6.f3 e5 7.g4 h5 8.g5 Nh7 9.h4 Be7
10.O-O-O Qa5 11.f4 exf4 12.Bxf4 Ndf8 13.d5 Bg4 14.Re1 O-O-O 15.e5 dxe5 16.Bxe5
f6 17.Bh2 Bb4 18.Bg2 cxd5 19.gxf6 Ne6 20.Qd3 Nxf6 21.Be5 Bf5 22.Qf3 Ne4 23.Bxh8
Rxh8 24.Nge2 Rf8 25.Rd1 Bg4 26.Qe3 Bc5 27.Qh6 Bxe2 28.Bh3 Bg4 29.Bxg4 hxg4
30.Nxe4 dxe4 31.Qxg6 Qxa2 32.Qxe4 Rf2 33.c4 Qxb2# 0-1

[Event "CAMPEONATO DE ESPAÑA ABSOLUTO"]
[Site "EL SAUZAL - TENERIFE - ISLAS CANARIAS"]
[Date "2010.09.10"]
[Round "7"]
[Board "33"]
[White "Villavicencio Martinez, Carlos"]
[Black "Garcia Rodriguez, Sara"]
[Result "0-1"]
[WhiteElo "2123"]
[BlackElo "1869"]
[PlyCount "154"]
[EventDate "2010.09.04"]
[EventRounds "9"]
[EventCountry "ESP"]

1.Nf3 Nf6 2.c4 g6 3.b3 Bg7 4.Bb2 O-O 5.g3 d6 6.d4 Na6 7.Bg2 c5 8.O-O Rb8 9.Nc3
Bf5 10.Rc1 Qd7 11.Re1 Bh3 12.Bh1 Bh6 13.e3 Ng4 14.Nd5 Rfe8 15.Nf4 Nf6 16.Nxh3
Qxh3 17.Bg2 Qd7 18.a4 Bg7 19.e4 cxd4 20.Nxd4 Nc5 21.Nb5 a6 22.Nc3 Qc7 23.b4 Ncd7
24.Qb3 Ne5 25.Nd1 Nfd7 26.a5 b6 27.Qc3 bxa5 28.bxa5 Bf6 29.Qd2 Nc5 30.Bxe5 Bxe5
31.Rc2 Nb3 32.Qd3 Qxa5 33.Rf1 Nd4 34.Qd2 Qc5 35.Ra2 Qxc4 36.Ne3 Qb5 37.Nd5 Rbc8
38.h3 e6 39.Ne3 Nb3 40.Qd1 a5 41.Kh2 a4 42.f4 Bd4 43.Ng4 h5 44.Nf2 Rc1 45.Qd3
Qxd3 46.Nxd3 Rxf1 47.Bxf1 Ra8 48.Ra3 Nd2 49.Be2 Nxe4 50.Bd1 Nc3 51.Bc2 Ra7
52.Kg2 Kf8 53.Kf1 Ke7 54.g4 hxg4 55.hxg4 e5 56.fxe5 dxe5 57.Ke1 Kf6 58.Kd2 Kg5
59.Nc1 Kxg4 60.Ne2 Nxe2 61.Kxe2 f5 62.Rxa4 Rxa4 63.Bxa4 Kf4 64.Bc6 e4 65.Be8 g5
66.Bd7 g4 67.Kf1 g3 68.Kg2 Bf2 69.Bc8 Ke5 70.Kf1 f4 71.Bg4 Kf6 72.Bh5 Kg5 73.Bd1
Bc5 74.Kg2 Kh4 75.Kh1 Bd6 76.Bc2 f3 77.Bxe4 g2+ 0-1

[Event "CAMPEONATO DE ESPAÑA ABSOLUTO"]
[Site "EL SAUZAL - TENERIFE - ISLAS CANARIAS"]
[Date "2010.09.10"]
[Round "7"]
[Board "34"]
[White "Perez Barreto, Adrian"]
[Black "Perez Aleman, Pedro Tomas"]
[Result "0-1"]
[WhiteElo "1718"]
[BlackElo "2111"]
[PlyCount "108"]
[EventDate "2010.09.04"]
[EventRounds "9"]
[EventCountry "ESP"]

1.d4 Nf6 2.c4 d6 3.Nc3 e5 4.Nf3 e4 5.Ng5 Qe7 6.Qc2 Bf5 7.g4 Bg6 8.Qb3 c6 9.h4 h6
10.Nh3 Nxg4 11.Bf4 Na6 12.Bg3 Bf5 13.Bg2 g6 14.O-O-O Bg7 15.Qa3 Rd8 16.Nb1 O-O
17.h5 g5 18.f4 exf3 19.Bxf3 Ne3 20.Rdg1 Nxc4 21.Qc3 Qe3+ 22.Qxe3 Nxe3 23.Nd2 Nb4
24.Be4 Bxd4 25.Bf2 d5 26.Bb1 Bxb1 27.Kxb1 Nf5 28.Nf3 Bxf2 29.Nxf2 f6 30.a3 Na6
31.Nd3 Kh7 32.Nd2 Rde8 33.Rh2 Nd4 34.Re1 Re7 35.e3 Rfe8 36.Rh3 Nf5 37.Rf3 Rxe3
38.Rexe3 Nxe3 39.Rxf6 Re7 40.Nf3 Ng4 41.Rd6 Nc7 42.Nd4 Ne8 43.Rd8 Ng7 44.Ra8 a6
45.Rf8 Ne3 46.Rf2 Nxh5 47.Nc5 Nf4 48.Rf3 Kg6 49.Nxb7 Nc4 50.Nxc6 Rxb7 51.Rf2
Nxa3+ 52.Ka2 Nc4 53.b3 Nd3 54.Rf1 Nb4+ 0-1

[Event "CAMPEONATO DE ESPAÑA ABSOLUTO"]
[Site "EL SAUZAL - TENERIFE - ISLAS CANARIAS"]
[Date "2010.09.10"]
[Round "7"]
[Board "35"]
[White "Rodriguez Ferraz, Borja"]
[Black "Capote Robayna, Nathaniel"]
[Result "1/2-1/2"]
[WhiteElo "2079"]
[BlackElo "1960"]
[PlyCount "57"]
[EventDate "2010.09.04"]
[EventRounds "9"]
[EventCountry "ESP"]

1.d4 Nf6 2.c4 g6 3.Nc3 Bg7 4.e4 d6 5.Nf3 O-O 6.Be2 e5 7.O-O Nbd7 8.Re1 Re8 9.d5
Nc5 10.Bf1 a5 11.Rb1 Nh5 12.b3 f5 13.Nd2 Nf4 14.Qc2 c6 15.f3 Qf6 16.a3 fxe4
17.Ndxe4 Qf8 18.dxc6 bxc6 19.Nxc5 dxc5 20.Ne4 Ne6 21.Qc3 Nd4 22.Be3 Bf5 23.Bf2
Red8 24.Bg3 Ra7 25.Rb2 Rb8 26.Bd3 Rab7 27.Reb1 Bxe4 28.fxe4 Qe7 29.Bf2 1/2-1/2